| 000 | 00662nam a2200205 a 4500 | ||
|---|---|---|---|
| 005 | 20221101063503.0 | ||
| 008 | 991125s1976 mx 000 0 spa u | ||
| 035 | _aUPN01000057747 | ||
| 049 | _aCG | ||
| 050 | 4 |
_aLC191 _bT4.9 |
|
| 100 | 1 |
_aTecla Jiménez, Alfredo _932659 |
|
| 245 | 1 | 0 |
_aUniversidad, burguesía y proletariado / _cAlfredo Tecla Jiménez. |
| 260 |
_aMéxico : _bCultura Popular, _c1976. |
||
| 300 | _a209 p. | ||
| 440 | 3 | _aLa cultura y el hombre | |
| 610 | 2 | 4 | _aUNIVERSIDAD NACIONAL AUTONOMA DE MEXICO |
| 650 | 4 |
_aCOMUNIDAD Y UNIVERSIDAD _910254 |
|
| 650 | 2 |
_aUniversidades y colegios _xLeyes y legislación _zMéxico _914276 |
|
| 905 | _aLibro | ||
| 999 |
_c57747 _d57747 |
||